Classic readings in organizational behavior / (Record no. 19281)

000 -LEADER
fixed length control field 00906cam a22002534a 4500
001 - CONTROL NUMBER
control field 14615382
005 - DATE AND TIME OF LATEST TRANSACTION
control field 20170116083743.0
008 - FIXED-LENGTH DATA ELEMENTS--GENERAL INFORMATION
fixed length control field 061030s2008 caua b 000 0 eng
010 ## - LIBRARY OF CONGRESS CONTROL NUMBER
LC control number 2006937607
020 ## - INTERNATIONAL STANDARD BOOK NUMBER
International Standard Book Number 0495094749 (pbk.)
050 00 - LIBRARY OF CONGRESS CALL NUMBER
Classification number HD58.7.C52 2008
245 00 - TITLE STATEMENT
Title Classic readings in organizational behavior /
Statement of responsibility, etc. J. Steven Ott, Sandra J. Parkes, Richard B. Simpson, [editors].
250 ## - EDITION STATEMENT
Edition statement 4th ed.
260 ## - PUBLICATION, DISTRIBUTION, ETC. (IMPRINT)
Place of publication, distribution, etc. Belmont, CA :
Name of publisher, distributor, etc. Thomson/Wadsworth,
Date of publication, distribution, etc. c2008.
300 ## - PHYSICAL DESCRIPTION
Extent xix, 476 p. :
Other physical details ill. ;
Dimensions 24 cm.
504 ## - BIBLIOGRAPHY, ETC. NOTE
Bibliography, etc Includes bibliographical references.
650 #0 - SUBJECT ADDED ENTRY--TOPICAL TERM
Topical term or geographic name as entry element Organizational behavior.
700 1# - ADDED ENTRY--PERSONAL NAME
Personal name Ott, J. Steven.
700 1# - ADDED ENTRY--PERSONAL NAME
Personal name Parkes, Sandra J.
700 1# - ADDED ENTRY--PERSONAL NAME
Personal name Simpson, Richard B.
942 ## - ADDED ENTRY ELEMENTS (KOHA)
Source of classification or shelving scheme
Koha item type Hard Covered Materials
Classification part HD58.7 .C52 2008
Holdings
Withdrawn status Lost status Source of classification or shelving scheme Damaged status Not for loan Home library Current library Shelving location Date acquired Source of acquisition Total Checkouts Full call number Barcode Date last seen Price effective from Koha item type
          MACHAKOS UNIVERSITY LIBRARY MACHAKOS UNIVERSITY LIBRARY Technical section 16/01/2017 Donation(BFA)   HD58.7.C52 2008 29896 08/06/2018 16/01/2017 Hard Covered Materials
© Machakos University Library, Along The Highway, Machakos Wote Rd, Machakos, Kenya P.O. Box 136 - 90100 Machakos - Kenya

Tel: ( +254 ) 723 805829 OR Fax : 044-20353 OR Email: library@mksu.ac.ke